| 000 | 01341cam a2200253 4500 | ||
|---|---|---|---|
| 001 | L158282 | ||
| 008 | 040913n2014 000 0 eng u | ||
| 035 | _a(Sirsi) u158282 | ||
| 041 | _aeng | ||
| 110 | 2 |
_aOccupiers Journal Limited _96144 |
|
| 245 | 0 | 0 |
_aRaising the Bar: _bCity Roundtables Report _h[electronic resource] |
| 260 |
_aLondon _bRICS _c2014 |
||
| 490 | 0 |
_aRaising the Bar _vII |
|
| 490 | 0 | _aRICS Research | |
| 520 | _aSecond in a series of research reports on Raising the Bar in facilities management. Following global study of strategic role of FM management Raising the Bar I in 2012 this report makes specific recommendations for action. It focuses on how the reactions and responses would differ, in different economic regions around the world. These Roundtables were held in 2013, and this report summarises the outcomes. Part I L158285 and Part III L159408. | ||
| 650 | 2 | 4 | _aStrategic Facilities Management |
| 651 | 4 | _aENGLAND AND WALES | |
| 690 |
_aFacilities management _96240 |
||
| 700 | 1 | _aWare, J. P. | |
| 700 | 1 | _aCarder, Paul | |
| 710 | 1 |
_aRoyal Institution of Chartered Surveyors _94900 |
|
| 856 | 4 | 8 |
_uhttps://www.rics.org/globalassets/rics-website/media/knowledge/research/research-reports/raising-the-bar-ii-city-roundtables-rics.pdf _zView the report free of charge from www.rics.org |
| 942 | _n0 | ||
| 999 |
_c115243 _d115243 |
||